Európska komisia navrhuje nové podmienky pre vymedzenie a podporu znevýhodnených oblastí
Návrh Európskej komisie pre novú klasifikáciu ostatných znevýhodnených oblastí, ktorý bol prerokovaný v Pracovnej skupine pre poľnohospodárske štruktúry a rozvoj vidieka pri Rade EÚ. Členské štáty používaju pre vymedzenie týchto oblastí široký rozsah ukazovateľov, čo môže viesť k disparite medzi prí...
Salvato in:
| Autore principale: | |
|---|---|
| Altri autori: | |
| Natura: | Capitolo di libro |
| Lingua: | slovacco |
| Soggetti: | |
| Tags: |
Nessun Tag, puoi essere il primo ad aggiungerne!!
|
MARC
| LEADER | 00000naa$a2200000$$$4500 | ||
|---|---|---|---|
| 001 | 0046367 | ||
| 005 | 20231018091453.7 | ||
| 041 | 0 | |a slo | |
| 044 | |a SK | ||
| 245 | 1 | 0 | |a Európska komisia navrhuje nové podmienky pre vymedzenie a podporu znevýhodnených oblastí |c Miron Fitz, Jana Molčanová |
| 520 | |a Návrh Európskej komisie pre novú klasifikáciu ostatných znevýhodnených oblastí, ktorý bol prerokovaný v Pracovnej skupine pre poľnohospodárske štruktúry a rozvoj vidieka pri Rade EÚ. Členské štáty používaju pre vymedzenie týchto oblastí široký rozsah ukazovateľov, čo môže viesť k disparite medzi príjemcami podpory. Overovanie navrhovaných kritérií v členských štátoch EÚ. Výsledky simulácie nových kritérií boli pre väčšinu krajín EÚ neprijateľné. Smernica Rady (ES) č. 1698/2005 pre nové plánovacie obdobie 2007-2013. Platby za znevýhodnené prírodné podmienky v plánovacom období 2007-2013. | ||
| 610 | 2 | 0 | |a poľnohospodárstvo |
| 610 | 2 | 0 | |a vidiek |
| 610 | 2 | 0 | |a podpory |
| 610 | 2 | 0 | |a pomoc finančná |
| 610 | 2 | 0 | |a Európska únia |
| 610 | 2 | 0 | |a smernice |
| 100 | 1 | |a Fitz, Miron | |
| 700 | 1 | |a Molčanová, Jana | |